ZAYN 'ROOM UNDER THE STAIRS' Songs - Statistics

General Stats
  • This quiz has been taken 86 times
  • The average score is 9 of 15
Answer Stats
Song Title % Correct
Stardust
85%
Alienated
76%
Dreamin
76%
My Woman
76%
What I Am
74%
Grateful
63%
Birds On A Cloud
61%
Shoot At Will
61%
Something In The Water
61%
Concrete Kisses
59%
The Time
59%
False Starts
50%
Gates Of Hell
50%
Fuchsia Sea
44%
How It Feels
39%
No matching quizzes found
Score Distribution
Percent of People with Each Score
Percentile by Number Answered
Your Score History
You have not taken this quiz